سيكولوجية المقابلة / (Record no. 15784)
[ view plain ]
| 000 -الفاتح | |
|---|---|
| حقل البيانات ثابتة الطول | 01409nam a22002777a 4500 |
| 008 - عناصر البيانات ثابتة الطول - معلومات عامة | |
| حقل البيانات ثابتة الطول | 110803t1961 xxu||||g |||| 000 0 ara d |
| 082 ## - رقم تصنيف ديوى العشرى | |
| رقم الطبعة | 22 |
| رقم التصنيف | 158.3 |
| رقم المادة | ب ن ج |
| 100 ## - المدخل الرئيسى - إسم شخصى | |
| 9 (RLIN) | 26554 |
| الإسم الشخصى | بنجهام،والتر فاندايك |
| 245 ## - بيان العنوان | |
| العنوان | سيكولوجية المقابلة / |
| بيان المسئوليه,etc | تأليف والتر فاندايك و بروس فيكتور مور؛ترجمة فاروق عبد القادر و عزت سيد إسماعيل |
| 260 ## - PUBLICATION, DISTRIBUTION, ETC. (IMPRINT) | |
| مكان الناشر او الموزع | القاهرة: |
| اسم الناشر او الموزع | .دار النهضة العربية،1961 |
| تاريخ النشر أو التوزيع | 1961. |
| 300 ## - الوصف المادى | |
| التعداد | 328ص، |
| أبعاد الوعاء | 24سم. |
| 650 ## - المدخل الاضافى بالموضوع-مصطلح موضوعى | |
| 9 (RLIN) | 26555 |
| مصطلح موضوعي أو اسم جغرافي كعنصر مدخل | المقابلات |
| 650 ## - المدخل الاضافى بالموضوع-مصطلح موضوعى | |
| 9 (RLIN) | 26556 |
| مصطلح موضوعي أو اسم جغرافي كعنصر مدخل | الإرشاد النفسى |
| 653 ## - مصطلح تكشيفى غير مقيد | |
| Resource For college | |
| Arrived date list | August2011 |
| 700 ## - المدخل الاضافى - اسم شخصى | |
| 9 (RLIN) | 26557 |
| الإسم الشخصى | مور،بروس فيكتور |
| العنوان والكلمات الأخرى المصاحبة للاسم | مؤلف |
| 700 ## - المدخل الاضافى - اسم شخصى | |
| 9 (RLIN) | 26557 |
| الإسم الشخصى | مور،بروس فيكتور |
| العنوان والكلمات الأخرى المصاحبة للاسم | مؤلف |
| 700 ## - المدخل الاضافى - اسم شخصى | |
| 9 (RLIN) | 26557 |
| الإسم الشخصى | مور،بروس فيكتور |
| العنوان والكلمات الأخرى المصاحبة للاسم | مؤلف |
| 700 ## - المدخل الاضافى - اسم شخصى | |
| 9 (RLIN) | 26558 |
| الإسم الشخصى | عبد القادر ،فاروق |
| العنوان والكلمات الأخرى المصاحبة للاسم | مترجم |
| 700 ## - المدخل الاضافى - اسم شخصى | |
| 9 (RLIN) | 26558 |
| الإسم الشخصى | عبد القادر ،فاروق |
| العنوان والكلمات الأخرى المصاحبة للاسم | مترجم |
| 700 ## - المدخل الاضافى - اسم شخصى | |
| 9 (RLIN) | 26558 |
| الإسم الشخصى | عبد القادر ،فاروق |
| العنوان والكلمات الأخرى المصاحبة للاسم | مترجم |
| 700 ## - المدخل الاضافى - اسم شخصى | |
| 9 (RLIN) | 26568 |
| الإسم الشخصى | إسماعيل،عزت سيد |
| العنوان والكلمات الأخرى المصاحبة للاسم | مترجم |
| 700 ## - المدخل الاضافى - اسم شخصى | |
| 9 (RLIN) | 26569 |
| الإسم الشخصى | حمزة،مختار |
| العنوان والكلمات الأخرى المصاحبة للاسم | مراجع |
| 700 ## - المدخل الاضافى - اسم شخصى | |
| 9 (RLIN) | 26570 |
| الإسم الشخصى | رمزى،محمد توفيق |
| العنوان والكلمات الأخرى المصاحبة للاسم | مقدم |
| 942 ## - عناصر المدخل الإضافي( كوها) | |
| مصدر التصنيف او مخطط الترفيف | Dewey Decimal Classification |
| Koha [default] item type | Book - Borrowing |
| حالة التراجع | حالة الفقد | مصدر التصنيف او خطة الترفيف | حالة تلف | ليس للاعارة | مجموعات كوها | المكان الدائم | المكان الحالي | موقع الترفيف | تاريخ الاكتساب | Source of acquisition | رقم الاستدعاء | الباركود | Date last seen | مُعار | نوع الوعاء |
|---|---|---|---|---|---|---|---|---|---|---|---|---|---|---|---|
| Dewey Decimal Classification | Central Library | Central Library | Lower Floor | 04/08/2011 | Donation | 158.3 ب ن ج | 000023030 | 15/07/2025 | 22/02/2022 | Book - Borrowing |